00501 a2200181 450000100060000002000060000604000220001210000090003424000530004324500480009630000060014436200090015044000230015965000240018294200070020695200890021399900170030255956 a  cAnchieta - Pituba aJoel10a2ª Avaliação de História, II unidadelpor10a2ª Avaliação de História, II unidade a70 a2017 1aColégio Anchieta 4aHistória do mundo cBK 00104070a91.1b91.1d2023-11-21l0p5334/PITr2023-11-21 18:23:27w2023-11-21yBK c55956d55956